[Event "FRA-chT U20"]
[Site "France"]
[Date "2012.05.27"]
[Round "?"]
[White "Raynaud, Jean Philippe"]
[Black "O'Sullivan, Thomas"]
[Result "0-1"]
[WhiteElo "1631"]
[BlackElo "1842"]
[PlyCount "56"]
[EventDate "2012.05.26"]
[EventType "team-swiss"]
[EventRounds "9"]
[EventCountry "FRA"]
[SourceTitle "EXT 2014"]
[Source "ChessBase"]
[SourceDate "2013.11.20"]
[SourceVersion "1"]
[SourceVersionDate "2013.11.20"]
[SourceQuality "1"]

1. d4 Nf6 2. c4 g6 3. Nc3 Bg7 4. e4 d6 5. Be2 0-0 6. Be3 Re8 7. g4 e5 8. d5 Na6 9. Bf3 Qe7 10. h4 Nd7 11. a3 c6 12. h5 Nf8 13. Qd2 Nc7 14. Bh6 Bxh6 15. Qxh6 g5 16. dxc6 bxc6 17. Nd1 Nce6 18. Ne3 Nd8 19. Be2 f6 20. c5 Nf7 21. Bc4 Ne6 22. Nf5 Nxh6 23. Nxe7+ Rxe7 24. cxd6 Re8 25. Rd1 Bd7 26. Ne2 Kg7 27. Ng3 Nd4 28. 0-0 Bxg4 0-1

[Event "FRA-ch U12"]
[Site "Nimes"]
[Date "2012.04.17"]
[Round "5"]
[White "Ferrari, Louis"]
[Black "Raynaud, Jean Philippe"]
[Result "0-1"]
[WhiteElo "1750"]
[BlackElo "1618"]
[PlyCount "26"]
[EventDate "2012.04.14"]
[EventType "swiss"]
[EventRounds "9"]
[EventCountry "FRA"]
[SourceTitle "CBM 148 Extra"]
[Source "ChessBase"]
[SourceDate "2012.06.22"]
[SourceVersion "1"]
[SourceVersionDate "2012.06.22"]
[SourceQuality "1"]

1. Nf3 Nf6 2. c4 g6 3. Nc3 d5 4. cxd5 Nxd5 5. g3 Nxc3 6. bxc3 c5 7. Bg2 Bg7 8. 0-0 0-0 9. Rb1 Qa5 10. a3 Nc6 11. Qb3 Bf5 12. Ra1 Rab8 13. Bb2 b5 0-1

[Event "FRA-ch U12"]
[Site "Nimes"]
[Date "2012.04.15"]
[Round "2"]
[White "Burri, Quentin"]
[Black "Raynaud, Jean Philippe"]
[Result "1-0"]
[WhiteElo "1768"]
[BlackElo "1618"]
[PlyCount "47"]
[EventDate "2012.04.14"]
[EventType "swiss"]
[EventRounds "9"]
[EventCountry "FRA"]
[SourceTitle "CBM 148 Extra"]
[Source "ChessBase"]
[SourceDate "2012.06.22"]
[SourceVersion "1"]
[SourceVersionDate "2012.06.22"]
[SourceQuality "1"]

1. e4 c6 2. d4 d5 3. e5 c5 4. dxc5 e6 5. a3 Bxc5 6. b4 Bb6 7. Nf3 Nc6 8. Bb2 Nge7 9. Bd3 0-0 10. h4 Ng6 11. b5 Nce7 12. g3 Nf5 13. h5 Nge7 14. g4 Nh6 15. Ng5 Ba5+ 16. Kf1 g6 17. Bc1 Bb6 18. f3 Qc7 19. Qe2 Qc5 20. Nxh7 Nxg4 21. fxg4 Kxh7 22. hxg6+ Kg7 23. gxf7 Kxf7 24. Qh2 1-0

[Event "FRA-chT U20 1112"]
[Site "France"]
[Date "2011.12.18"]
[Round "5"]
[White "Raynaud, Jean Philippe"]
[Black "Feugier, Thomas"]
[Result "1-0"]
[WhiteElo "1590"]
[BlackElo "1572"]
[PlyCount "73"]
[EventDate "2011.12.03"]
[EventType "team-swiss"]
[EventRounds "7"]
[EventCountry "FRA"]
[SourceTitle "EXT 2013"]
[Source "ChessBase"]
[SourceDate "2012.11.22"]
[SourceVersion "1"]
[SourceVersionDate "2012.11.22"]
[SourceQuality "1"]

1. d4 d5 2. Nf3 Nc6 3. Bf4 Bg4 4. e3 e6 5. c4 Bd6 6. Bxd6 Qxd6 7. Be2 Nge7 8. 0-0 0-0 9. h3 Bxf3 10. Bxf3 Rad8 11. c5 Qd7 12. a3 e5 13. b4 e4 14. Be2 a6 15. Nc3 f5 16. Qb3 Rf6 17. a4 Rg6 18. b5 Nb8 19. bxa6 bxa6 20. Rab1 f4 21. Bg4 Qc6 22. Nxe4 fxe3 23. fxe3 Nd7 24. Bh5 Re6 25. Bf7+ Kh8 26. Bxe6 Qxe6 27. Ng5 Qg6 28. Nf7+ Kg8 29. Nxd8 Nf6 30. Qb8 Qg3 31. Nc6+ Kf7 32. Nxe7 Qxe3+ 33. Kh1 Qxe7 34. c6 Qd6 35. Qxc7+ Qxc7 36. Rb7 Qxb7 37. cxb7 1-0

[Event "FRA-chTA U20 1011"]
[Site "France"]
[Date "2010.12.19"]
[Round "6.6"]
[White "Roque, Gaetan"]
[Black "Raynaud, Jean Philippe"]
[Result "1-0"]
[WhiteElo "1561"]
[BlackElo "1620"]
[PlyCount "55"]
[EventDate "2010.11.21"]
[EventType "team-tourn"]
[EventRounds "7"]
[EventCountry "FRA"]
[SourceTitle "EXT 2012"]
[Source "ChessBase"]
[SourceDate "2011.11.24"]
[SourceVersion "1"]
[SourceVersionDate "2011.11.24"]
[SourceQuality "1"]
[WhiteTeam "Saint Mande"]
[BlackTeam "Cannes"]
[WhiteTeamCountry "FRA"]
[BlackTeamCountry "FRA"]

1. d4 d5 2. Nf3 c6 3. e3 Bg4 4. c4 e6 5. Nc3 Nf6 6. Be2 Bd6 7. 0-0 0-0 8. Ne5 Bxe2 9. Qxe2 Nbd7 10. f4 Bb4 11. Rb1 Qc7 12. Bd2 Bxc3 13. Bxc3 Ne4 14. Bb4 Rfe8 15. Rf3 a5 16. Ba3 Nb6 17. Rh3 f6 18. c5 fxe5 19. cxb6 Qxb6 20. fxe5 Nc3 21. Qh5 h6 22. Rf1 Ne4 23. Qf7+ Kh8 24. Rf6 Nxf6 25. exf6 Rg8 26. fxg7+ Kh7 27. Rg3 Rac8 28. Qg6# 1-0